| 000 | 00491nam a2200169Ia 4500 | ||
|---|---|---|---|
| 008 | 181130s2018 xx 000 0 und d | ||
| 100 | _aCallahan, Jamie L. | ||
| 245 |
_aThe retrospective (im) moralization of self-plagiarism: _bpower interests in the social construction of new norms for publishing |
||
| 260 | _c2018 | ||
| 300 | _ap.305-319. | ||
| 504 | _dMay | ||
| 650 | _aPiracy | ||
| 650 | _aPlagiarism | ||
| 650 | _aPublishing | ||
| 773 | _aOrganization | ||
| 906 | _aPublishing | ||
| 999 |
_c506485 _d506485 |
||